Revisioning shiva / (Record no. 155718)

MARC details
000 -LEADER
fixed length control field 00497nam a22001577a 4500
010 ## - LCCN (DPL NO)
LC control number B-120316, B-120317
020 ## - INTERNATIONAL STANDARD BOOK NUMBER
International Standard Book Number 8173413312
Terms of availability 300.00
035 ## - SYSTEM CONTROL NUMBER
System control number B-120316, B-120317, B-120318
037 ## - SOURCE OF ACQUISITION
Source of stock number/acquisition BPPD/PUB
100 ## - MAIN ENTRY--PERSONAL NAME
Personal name Ranchan, Som
245 ## - TITLE STATEMENT
Title Revisioning shiva /
Statement of responsibility, etc by Som Ranchan
260 ## - PUBLICATION, DISTRIBUTION, ETC. (IMPRINT)
Place of publication, distribution, etc New delhi
Name of publisher, distributor, etc Indian publishers distributors
Date of publication, distribution, etc 2004
270 ## - ADDRESS
Address 156-D, Kamla nagar
City New delhi
Postal code 110007
300 ## - PHYSICAL DESCRIPTION
Extent xii, 118p.
Dimensions 22cm(Hb)
942 ## - ADDED ENTRY ELEMENTS (KOHA)
Source of classification or shelving scheme Dewey Decimal Classification
Item type English Books
Classification part 230.31
Call number suffix RAN
Holdings
Withdrawn status Lost status Not for loan Collection code Home library Current library Date acquired Source of acquisition Cost, normal purchase price Full call number Barcode Cost, replacement price Koha item type
      Non-fiction Shahdara Branch Shahdara Branch 09/08/2018 BPPD/PUB 300.00 230.31 RAN B-120316 300.00 English Books
      Non-fiction Vigyan Vihar Vigyan Vihar 29/11/2018 BPPD/PUB 300.00 230.31 RAN B-120318 300.00 English Books
      Non-fiction Yojana Vihar Yojana Vihar 08/11/2018 BPPD/PUB 300.00 230.31 RAN B-120317 300.00 English Books

© Delhi Public Library
Hit Counter
free hit counter